| 000 | 00941cab a2200289 4500 | ||
|---|---|---|---|
| 001 | ABS50535 | ||
| 008 | 090401t1994 xxu||||| |||| 00| 0 eng d | ||
| 035 | _a(Sirsi) u76369 | ||
| 041 | _aeng | ||
| 100 | _aCornick, T. | ||
| 245 | 2 | _aA study of the contractor`s quantity surveying practice during the construction process | |
| 260 | _c1994 | ||
| 350 | _a0 | ||
| 490 |
_aConstruction Management & Economics _v12(2) 1994 1-7-111(5) |
||
| 520 | _aInvestigates the quantity surveyor`s role in a construction company carried out as part of a company-wide process of quality improvement following certification to BS 5750. | ||
| 650 | _aBS 5750 | ||
| 650 | _aCERTIFICATION | ||
| 650 | _aCONSTRUCTION COMPANIES | ||
| 650 | _aQUALITY ASSURANCE | ||
| 650 | _aQUALITY CONTROL | ||
| 650 | _aQUANTITY SURVEYORS | ||
| 650 | _aROLE | ||
| 690 |
_aQuantity surveying _96263 |
||
| 700 | _aOsbon, K | ||
| 942 | _n0 | ||
| 948 | _c04/03/1997 | ||
| 999 |
_c48047 _d48047 |
||